| 000 | 01022nam a2200289Ia 4500 | ||
|---|---|---|---|
| 001 | Para_9484 | ||
| 003 | CHAP | ||
| 008 | 220125s2008 xx 000 0 und d | ||
| 010 | _a208158 | ||
| 040 | _cCHAP | ||
| 090 | _aTESIS 2196 | ||
| 100 |
_aHernández Ordoñez, José Natividad _954413 |
||
| 245 |
_aSensibilidad "in vitro" de Mycosphaerella fijiensis (Morelet) al difenoconazol, azoxystrobin y pyrimetanil en Teapa, Tabasco, México / _c por José Natividad Hernández Ordoñez |
||
| 260 |
_aChapingo, Méx. : _b el autor |
||
| 300 | _a58 h. | ||
| 502 | _aTesis (Ing. Agr. Esp. en Parasitología Agrícola) -- UACh. Departamento Parasitología Agrícola | ||
| 650 |
_aFungicidas _x análisis _944045 |
||
| 650 |
_aMycosphaerella fijiensis _979933 |
||
| 710 |
_aUACh. Departamento Parasitología Agrícola _9164025 |
||
| 901 | _aTESIS 2196 | ||
| 902 | _aM | ||
| 905 | _a0000002008 amn 0000000000 00 | ||
| 910 | _a2008 | ||
| 942 | _cPARA | ||
| 942 |
_cPARA _d2 |
||
| 999 |
_c208158 _d208158 |
||